Empires in Modern Borders - Statistics

General Stats
  • This quiz has been taken 300 times
    176 since last reset
  • The average score is 8 of 18
Answer Stats
Picture Answer % Correct
Mongol Empire
99%
Mexican Empire
93%
Inca Empire
83%
First French Empire
74%
Holy Roman Empire
60%
Ottoman Empire
51%
Tibetan Empire
48%
3rd Reich
42%
Byzantine Empire
41%
2nd Polish Republic
40%
Polish-Lithuanian Commonwealth
37%
Serbian Empire
31%
Umayyad Caliphate
30%
Kingdom of Georgia
28%
Bulgarian Empire
27%
Timurid Empire
21%
Almoravid Caliphate
14%
Safavid Empire
12%
No matching quizzes found
Score Distribution
Percent of People with Each Score
Percentile by Number Answered
Your Score History
You have not taken this quiz since the last reset